Bee Movie Characters - Statistics

General Stats
  • This quiz has been taken 77 times
  • The average score is 3 of 15
Answer Stats
Answer % Correct
. Barry B. Benson
97%
. Ken
47%
. Adam Flayman
25%
. Mooseblood
25%
. Janet Benson
23%
. Vanessa Bloome
23%
. Martin Benson
19%
. Bee Larry King
13%
. Layton T. Montgomery
13%
. Ray Liotta
11%
. Trudy
11%
. Bud Ditchwater
9%
. Judge Bumbleton
9%
. Splitz
9%
. Lou Lo Duca
8%
No matching quizzes found
Score Distribution
Percent of People with Each Score
Percentile by Number Answered
Your Score History
You have not taken this quiz